Statystyki dla Wszyscy fińscy skoczkowie narciarscy w historii

Kliknij tutaj aby rozwiązać quiz!

Ogólne statystyki

  • Ten quiz został rozwiązany 19 razy
  • Średni wynik to 39 z 155

Statystyki odpowiedzi

Odpowiedź% Poprawnych
Antti Aalto
100%
Asko Aalto
100%
Janne Ahonen
100%
Mico Ahonen
100%
Pasi Ahonen
100%
Veli-Matti Ahonen
100%
Harri Olli
86%
Jari Larinto
86%
Jussi Hautamaki
86%
Matti Hautamaki
86%
Ville Larinto
86%
Anssi Koivuranta
71%
Antti Maatta
71%
Eetu Nousiainen
71%
Erkki Nykanen
71%
Jarkko Maatta
71%
Matti Nykanen
71%
Niko Kytosaho
71%
Pasi Kytosaho
71%
Risto Jussilainen
71%
Sami Niemi
71%
Toivo Nykanen
71%
Anssi Nieminen
57%
Ari-Pekka Nikkola
57%
Janne Happonen
57%
Olli Happonen
57%
Olli Muotka
57%
Sasu Happonen
57%
Tami Kiuru
57%
Toni Nieminen
57%
Tuure Nieminen
57%
Vilho Palosaari
57%
Arttu Lappi
43%
Jani Klinga
43%
Jani Soininen
43%
Janne Vaatainen
43%
Mika Kulmala
43%
Mika Laitinen
43%
Sebastian Klinga
43%
Tommi Nikunen
43%
Veli-Matti Lindstrom
43%
Akseli Kokkonen
29%
Andreas Alamommo
29%
Arttu Pohjola
29%
Heikki Ylipulli
29%
Janne Korhonen
29%
Jari Puikkonen
29%
Joonas Ikonen
29%
Juha-Matti Ruuskanen
29%
Juho Ojala
29%
Kai Kovaljeff
29%
Keijo Korhonen
29%
Kimmo Savolainen
29%
Kimmo Yliriesto
29%
Lassi Huuskonen
29%
Lauri Hakola
29%
Miika Ylipulli
29%
Mika Kojonkoski
29%
Ossi-Pekka Valta
29%
Pekka Niemela
29%
Pekka Salminen
29%
Pentti Kokkonen
29%
Risto Laakkonen
29%
Sami Heiskanen
29%
Timi Heiskanen
29%
Tuomo Ylipulli
29%
Ville Kantee
29%
Aatto Pietikainen
14%
Akseli Lajunen
14%
Eetu Merilainen
14%
Elias Vanska
14%
Esko Rautionaho
14%
Hemmo Silvennoinen
14%
Henri Kavilo
14%
Herman Huczkowski
14%
Jani Myllari
14%
Jani Salo
14%
Janne Ylijarvi
14%
Jonne Vetelainen
14%
Juhani Karkinen
14%
Kalevi Karkinen
14%
Kalle Heikkinen
14%
Kalle Keituri
14%
Kari Ylianttila
14%
Lauri Asikainen
14%
Matti Pietikainen
14%
Olli Pekkala
14%
Pekka Suorsa
14%
Sulo Jaaskelainen
14%
Veikko Kankkonen
14%
Vesa Hakala
14%
Antero Immonen
0%
Antti Hyvarinen
0%
Antti Pesonen
0%
Aulis Kallakorpi
0%
Eino Kirjonen
0%
Ensio Hyytia
0%
Erkki Pukka
0%
Esa Kononen
0%
Esko Jarvinen
0%
Frans Tahkavouri
0%
Hannu Alakunnas
0%
Harry Nakari
0%
Jani Mattila
0%
Jarkko Heikkila
0%
Jarkko Heikkonen
0%
Jere Kykkanen
0%
Joni Markkanen
0%
Jouko Tormanen
0%
Jouni Johansen
0%
Juha Karjalainen
0%
Juha Miettinen
0%
Juhani Ruotsalainen
0%
Juho Forsman
0%
Jukka Kalso
0%
Kai Nokelainen
0%
Kari Heinonen
0%
Kimmo Kylmaaho
0%
Lasse Johansson
0%
Lauri Valonen
0%
Leo Laakso
0%
Markku Pusenius
0%
Markku Reijonen
0%
Marko Haarala
0%
Marko Malkamaki
0%
Markus Makela
0%
Miika Taskinen
0%
Mika Kauhanen
0%
Niilo Halonen
0%
Niko Loytainen
0%
Olavi Kuronen
0%
Ossi Laaksonen
0%
Paavo Lukkariniemi
0%
Paavo Nuotio
0%
Paavo Vierto
0%
Pasi Ronkainen
0%
Pekka Tolkkinen
0%
Pentti Uotinen
0%
Petteri Vaananen
0%
Rauno Miettinen
0%
Riku Ayri
0%
Rolf Turkka
0%
Sakari Leppiaho
0%
Sami Saapunki
0%
Sauli Palli
0%
Tapio Mikkonen
0%
Tapio Raisanen
0%
Tauno Kayhko
0%
Tauno Luiro
0%
Teemu Summanen
0%
Tero Koponen
0%
Tero Turkki
0%
Topi Mattila
0%
Toumo Kykkanen
0%
Yrjo Kivivirta
0%

Rozkład punktacji

Percentyl według liczby udzielonych odpowiedzi

Procent ludzi z każdym wynikiem

Twoja historia wyników

Nie rozwiązałeś tego quizu